Sports Quiz

Random Sports or Basketball Quiz

NBA Stat Abbreviations Quiz Stats

 Plays Quiz not verified by Sporcle

Challenge
Share
Tweet
Embed
Score 0/34 Timer 04:00
0 Plays Today
Abbreviation Statistic % Correct
ASTAssists
97%
BLKBlocks
97%
3P3-Point Field Goals
96.8%
3P%3-Point Field Goal Percentage
95.3%
BPGBlocks Per Game
94.8%
APGAssists Per Game
93.9%
FGField Goals
93.4%
FTFree Throws
93.1%
FG%Field Goal Percentage
90.8%
FT%Free Throw Percentage
90.8%
PTSPoints
89.6%
GGames
88.8%
3PA3-Point Field Goal Attempts
88.5%
FTAFree Throw Attempts
88.5%
STLSteals
88%
PPGPoints Per Game
86.7%
FGAField Goal Attempts
85.9%
Abbreviation Statistic % Correct
RPGRebounds Per Game
85%
MPGMinutes Per Game
85%
MPMinutes Played
84%
SPGSteals Per Game
84%
GSGames Started
83.9%
DRBDefensive Rebounds
82.7%
ORBOffensive Rebounds
81.9%
TOVTurnovers
79.3%
PFPersonal Fouls
71.9%
PERPlayer Efficiency Rating
54.4%
TRBTotal Rebounds
53.2%
DRtgDefensive Rating
48.7%
ORtgOffensive Rating
46.1%
WSWin Shares
44.7%
USG%Usage Percentage
39.9%
eFG%Effective Field Goal Percentage
37.2%
TS%True Shooting Percentage
36.1%

You're not logged in!

Compare scores with friends on all Sporcle quizzes.
Join for Free
OR
Log In

You Might Also Like...

Show Comments

Extras

Top Quizzes Today


Score Distribution

Your Account Isn't Verified!

In order to create a playlist on Sporcle, you need to verify the email address you used during registration. Go to your Sporcle Settings to finish the process.

Report this User

Report this user for behavior that violates our Community Guidelines.

Details: